Airlines That Fly To BNE - Statistics

General Stats
  • This quiz has been taken 17 times
  • The average score is 23 of 32
Answer Stats
Country Airline % Correct
United States Delta
100%
United Arab Emirates Emirates
100%
Qatar Qatar Airways
100%
Canada Air Canada
93%
New Zealand Air New Zealand
93%
United States American Airlines
93%
Fiji Fiji Airways
93%
Australia Qantas
93%
Singapore Singapore Airlines
93%
United States United Airlines
93%
Hong Kong Cathay Pacific
87%
China China Airlines
87%
China China Eastern Airlines
87%
China China Southern Airlines
87%
South Korea Korean Air
87%
Philippines Philippine Airlines
87%
Taiwan Eva Air
80%
Vietnam VietJet Air
80%
Nauru Nauru Airlines
73%
Solomon Islands Solomon Airlines
73%
Australia Virgin Australia
73%
Australia Jetstar
67%
Australia Regional Express
67%
Papua New Guinea Air Niugini
60%
Indonesia Batik Air
60%
Australia Qantas Link
60%
New Caledonia Air Calin
53%
Australia Alliance Airlines
40%
Australia National Jet Express
27%
Australia Fly Pelican
20%
Australia Link Airways
20%
Australia Skytrans
13%
No matching quizzes found
Score Distribution
Percent of People with Each Score
Percentile by Number Answered
Your Score History
You have not taken this quiz